000 00685nam a2200253Ia 4500
003 OSt
005 20220918170922.0
006 a|||||r|||| 00| 0
007 ta
008 220917b |||||||| |||| 00| 0 eng d
020 _a9780815708605 (hbk)
024 _a232,183
037 _cTextual
040 _aARTS
_cARTS
_beng
041 _2eng
_aeng
082 _aV247:2.N9, P6
100 _aBehera Navnita Chadha
_925578
245 0 _aDemystifying Kashmir
260 _aWashington
_bBrookings Institution Press
_c2006
300 _aix, 359p.
_ccm.
650 _aHISTORY
942 _hV247:2.N9, P6
_cTEXL
_2CC
999 _c136651
_d136651